[Event "WCO2014"]
[Site "Tromso"]
[Date "2014.08.05"]
[Round "4.1"]
[WhiteID "3300200"]
[White "Zambrana Oswaldo"]
[BlackID "1800833"]
[Black "Jones Richard S."]
[Result "1/2-1/2"]
[LiveChessVersion "1.4.3"]
[BlackElo "2414"]
[WhiteElo "2472"]

1. e4 {[%clk 1:30:49]} e5 {[%clk 1:30:57]} 2. Nf3 {[%clk 1:30:34]} Nf6
{[%clk 1:31:20]} 3. Nxe5 {[%clk 1:28:50]} d6 {[%clk 1:31:46]} 4. Nf3
{[%clk 1:29:12]} Nxe4 {[%clk 1:32:12]} 5. d4 {[%clk 1:29:37]} d5 {[%clk 1:32:38]}
6. Bd3 {[%clk 1:30:02]} Nc6 {[%clk 1:33:02]} 7. O-O {[%clk 1:29:38]} Be7
{[%clk 1:33:27]} 8. Nc3 {[%clk 1:22:08]} Nxc3 {[%clk 1:33:24]} 9. bxc3
{[%clk 1:22:32]} Bg4 {[%clk 1:33:35]} 10. Rb1 {[%clk 1:20:05]} Rb8
{[%clk 1:33:51]} 11. Re1 {[%clk 1:20:17]} O-O {[%clk 1:34:09]} 12. Bf4
{[%clk 1:19:35]} Bd6 {[%clk 1:30:16]} 13. h3 {[%clk 1:08:14]} Bh5
{[%clk 1:23:23]} 14. Bc1 {[%clk 0:49:55]} f5 {[%clk 1:14:26]} 15. Be2
{[%clk 0:46:31]} f4 {[%clk 1:04:54]} 16. c4 {[%clk 0:46:12]} dxc4
{[%clk 1:03:12]} 17. Bxc4+ {[%clk 0:46:40]} Kh8 {[%clk 1:02:27]} 18. Bb2
{[%clk 0:46:35]} b5 19. Be6 {[%clk 0:40:46]} Na5 {[%clk 0:42:02]} 20. d5
{[%clk 0:40:33]} Nc4 {[%clk 0:41:59]} 21. Bd4 {[%clk 0:39:15]} a6
{[%clk 0:39:40]} 22. Qd3 {[%clk 0:30:30]} Be7 {[%clk 0:36:31]} 23. Ne5
{[%clk 0:28:31]} Nxe5 {[%clk 0:35:45]} 24. Bxe5 {[%clk 0:28:59]} Bd6
{[%clk 0:34:08]} 25. Qd4 {[%clk 0:25:24]} Qg5 {[%clk 0:29:12]} 26. Rb3
{[%clk 0:25:52]} Rbe8 {[%clk 0:26:01]} 27. Kf1 {[%clk 0:20:45]} Qe7
{[%clk 0:21:10]} 28. Rc3 {[%clk 0:17:54]} Bg6 {[%clk 0:15:50]} 29. Kg1
{[%clk 0:10:47]} Bf5 {[%clk 0:13:35]} 30. Bxd6 {[%clk 0:10:33]} cxd6
{[%clk 0:12:05]} 31. Kh2 {[%clk 0:10:42]} Rf6 {[%clk 0:10:54]} 32. Rf3
{[%clk 0:04:23]} Bxe6 {[%clk 0:10:42]} 33. dxe6 {[%clk 0:02:46]} Rxe6
{[%clk 0:11:04]} 34. Rxe6 {[%clk 0:02:51]} Qxe6 {[%clk 0:11:31]} 35. Qxf4
{[%clk 0:03:11]} h6 {[%clk 0:11:25]} 36. Re3 {[%clk 0:03:00]} Qd7
{[%clk 0:11:08]} 37. Rxe8+ {[%clk 0:03:28]} Qxe8 {[%clk 0:11:34]} 38. Qxd6
{[%clk 0:03:48]} Qf7 {[%clk 0:10:29]} 39. Qd8+ {[%clk 0:01:11]} Kh7
{[%clk 0:10:55]} 40. Qd3+ {[%clk 0:01:08]} Kh8 {[%clk 0:11:14]} 41. Qd8+
{[%clk 0:00:39]} Kh7 {[%clk 0:08:54]} 42. Qd3+ {[%clk 0:00:48]} 1/2-1/2

[Event "WCO2014"]
[Site "Tromso"]
[Date "2014.08.05"]
[Round "4.2"]
[WhiteID "1801210"]
[White "Kett Tim"]
[BlackID "3301478"]
[Black "Gemy Jose Daniel"]
[Result "0-1"]
[LiveChessVersion "1.4.3"]
[BlackElo "2332"]
[WhiteElo "2244"]

1. e4 {[%clk 1:30:57]} e6 {[%clk 1:30:51]} 2. d4 {[%clk 1:31:12]} d5
{[%clk 1:31:18]} 3. Nc3 {[%clk 1:31:34]} dxe4 {[%clk 1:31:45]} 4. Nxe4
{[%clk 1:31:51]} Nd7 {[%clk 1:32:11]} 5. Nf3 {[%clk 1:29:17]} Ngf6
{[%clk 1:32:36]} 6. Nxf6+ {[%clk 1:27:06]} Nxf6 {[%clk 1:33:03]} 7. Bd3
{[%clk 1:18:02]} c5 {[%clk 1:33:10]} 8. dxc5 {[%clk 1:13:32]} Bxc5
{[%clk 1:33:27]} 9. O-O {[%clk 1:13:52]} O-O {[%clk 1:33:44]} 10. b3
{[%clk 1:14:01]} b6 {[%clk 1:33:43]} 11. Bb2 {[%clk 1:14:06]} Bb7
{[%clk 1:33:55]} 12. Qe2 {[%clk 1:13:09]} Qd5 {[%clk 1:31:20]} 13. Bxf6
{[%clk 1:10:05]} gxf6 {[%clk 1:31:46]} 14. Rad1 {[%clk 1:04:55]} Qh5
{[%clk 1:26:05]} 15. Be4 {[%clk 1:04:59]} Bxe4 {[%clk 1:26:13]} 16. Qxe4
{[%clk 1:05:24]} Qg6 {[%clk 1:26:30]} 17. Qxg6+ {[%clk 0:44:21]} hxg6
{[%clk 1:26:59]} 18. Rd7 {[%clk 0:44:33]} Rfd8 {[%clk 1:27:27]} 19. Rfd1
{[%clk 0:44:41]} Rxd7 {[%clk 1:27:55]} 20. Rxd7 {[%clk 0:45:00]} a5
{[%clk 1:28:18]} 21. a4 {[%clk 0:41:00]} Kf8 {[%clk 1:28:23]} 22. h4
{[%clk 0:38:35]} Ke8 {[%clk 1:28:30]} 23. Rb7 {[%clk 0:36:04]} Rd8
{[%clk 1:26:23]} 24. g4 {[%clk 0:34:34]} e5 {[%clk 1:26:28]} 25. c3
{[%clk 0:22:16]} Rd3 {[%clk 1:13:15]} 26. b4 {[%clk 0:18:23]} Rxf3
{[%clk 1:05:20]} 27. bxc5 {[%clk 0:18:44]} bxc5 {[%clk 1:05:47]} 28. Kg2
{[%clk 0:14:33]} Rf4 {[%clk 0:51:52]} 29. Rb8+ {[%clk 0:12:37]} Ke7
{[%clk 0:50:23]} 30. Kg3 {[%clk 0:12:57]} f5 {[%clk 0:48:48]} 31. gxf5
{[%clk 0:09:03]} Rxf5 {[%clk 0:44:51]} 32. Rb5 {[%clk 0:08:34]} e4
{[%clk 0:45:15]} 33. c4 {[%clk 0:07:09]} Rf3+ {[%clk 0:41:36]} 34. Kg2
{[%clk 0:07:33]} Kd6 {[%clk 0:41:57]} 35. Rxa5 {[%clk 0:07:05]} Rc3
{[%clk 0:42:11]} 36. Ra7 {[%clk 0:04:39]} f6 {[%clk 0:38:09]} 37. Ra6+
{[%clk 0:01:23]} Ke5 {[%clk 0:38:30]} 38. Rc6 {[%clk 0:01:44]} Rxc4
{[%clk 0:38:29]} 39. a5 {[%clk 0:02:08]} Rc2 {[%clk 0:35:36]} 40. Kg3
{[%clk 0:00:58]} c4 {[%clk 0:21:01]} 41. a6 {[%clk 0:29:20]} Ra2 {[%clk 0:47:36]}
42. Rxc4 {[%clk 0:22:45]} Ra3+ {[%clk 0:47:14]} 43. Kg4 {[%clk 0:21:36]} Rxa6
{[%clk 0:46:45]} 44. Rc5+ {[%clk 0:17:17]} Kd4 {[%clk 0:44:05]} 45. Rc2
{[%clk 0:12:20]} Ra5 {[%clk 0:43:17]} 46. Rd2+ {[%clk 0:11:34]} Ke5
{[%clk 0:42:00]} 47. Rb2 {[%clk 0:11:04]} Ra3 {[%clk 0:41:23]} 48. Rb5+
{[%clk 0:10:59]} Kd4 {[%clk 0:39:51]} 49. Rb2 {[%clk 0:11:07]} Rf3
{[%clk 0:39:27]} 50. Ra2 {[%clk 0:11:26]} Kd5 {[%clk 0:38:33]} 51. h5
{[%clk 0:07:06]} gxh5+ {[%clk 0:38:24]} 52. Kxh5 {[%clk 0:07:31]} Rf4
{[%clk 0:34:07]} 53. Kg6 {[%clk 0:07:09]} Rf3 {[%clk 0:21:13]} 54. Ra5+
{[%clk 0:07:23]} Kd4 {[%clk 0:18:34]} 55. Ra4+ {[%clk 0:07:25]} Kd3
{[%clk 0:18:36]} 56. Ra2 {[%clk 0:07:49]} Rf4 {[%clk 0:18:24]} 57. Rb2
{[%clk 0:08:00]} Rf3 {[%clk 0:16:03]} 58. Ra2 {[%clk 0:08:17]} Kc3
{[%clk 0:05:06]} 59. Re2 {[%clk 0:08:21]} Rf4 {[%clk 0:02:10]} 60. Ra2
{[%clk 0:07:23]} Rf3 {[%clk 0:01:53]} 61. Re2 {[%clk 0:07:45]} Kd4
{[%clk 0:02:19]} 62. Ra2 {[%clk 0:07:52]} Ke5 {[%clk 0:02:37]} 63. Kh5
{[%clk 0:02:54]} Kf4 {[%clk 0:02:49]} 64. Kh4 {[%clk 0:03:18]} Rb3
{[%clk 0:02:37]} 65. Rc2 {[%clk 0:02:36]} f5 {[%clk 0:02:54]} 66. Ra2
{[%clk 0:01:48]} Rb1 {[%clk 0:02:52]} 67. Kh5 {[%clk 0:01:35]} Rg1
{[%clk 0:01:49]} 68. Ra5 {[%clk 0:01:40]} Rg2 {[%clk 0:02:13]} 69. Ra2
{[%clk 0:01:58]} Kf3 {[%clk 0:02:36]} 70. Ra5 {[%clk 0:02:15]} f4
{[%clk 0:02:58]} 0-1

[Event "WCO2014"]
[Site "Tromso"]
[Date "2014.08.05"]
[Round "4.3"]
[WhiteID "3300145"]
[White "Cueto Jonny"]
[BlackID "402060"]
[Black "Sands David A"]
[Result "1/2-1/2"]
[LiveChessVersion "1.4.3"]
[BlackElo "2210"]
[WhiteElo "2283"]

1. d4 {[%clk 1:30:58]} d5 {[%clk 1:30:21]} 2. e3 {[%clk 1:30:11]} Nf6
{[%clk 1:30:19]} 3. Bd3 {[%clk 1:30:34]} c5 {[%clk 1:27:44]} 4. c3
{[%clk 1:31:02]} e6 {[%clk 1:24:25]} 5. f4 {[%clk 1:30:36]} Be7 {[%clk 1:17:10]}
6. Nf3 {[%clk 1:30:44]} O-O {[%clk 1:16:42]} 7. Nbd2 {[%clk 1:31:06]} b6
{[%clk 1:16:33]} 8. Ne5 {[%clk 1:25:50]} Qc7 {[%clk 1:00:33]} 9. O-O
{[%clk 1:11:50]} Ba6 {[%clk 0:59:18]} 10. Bxa6 {[%clk 1:12:09]} Nxa6
{[%clk 0:59:41]} 11. Rf3 {[%clk 1:12:35]} b5 {[%clk 0:52:32]} 12. a3
{[%clk 1:10:01]} Nb8 {[%clk 0:44:50]} 13. Rh3 {[%clk 0:49:27]} Nc6
{[%clk 0:39:01]} 14. Ndf3 {[%clk 0:34:44]} Nxe5 {[%clk 0:33:28]} 15. Nxe5
{[%clk 0:32:03]} g6 {[%clk 0:28:47]} 16. Bd2 {[%clk 0:32:19]} Ne4
{[%clk 0:25:48]} 17. Be1 {[%clk 0:28:34]} cxd4 {[%clk 0:24:55]} 18. exd4
{[%clk 0:28:39]} a5 {[%clk 0:23:45]} 19. g4 {[%clk 0:24:21]} f6 {[%clk 0:23:10]}
20. Nd3 {[%clk 0:24:21]} Bd6 {[%clk 0:23:11]} 21. f5 {[%clk 0:21:27]} exf5
{[%clk 0:20:35]} 22. gxf5 {[%clk 0:21:54]} g5 {[%clk 0:20:34]} 23. Nf2
{[%clk 0:18:51]} Nxf2 {[%clk 0:19:22]} 24. Bxf2 {[%clk 0:19:19]} Rfe8
{[%clk 0:19:29]} 25. Qh5 {[%clk 0:16:48]} Qd7 {[%clk 0:16:39]} 26. Bg3
{[%clk 0:11:15]} Bf8 {[%clk 0:12:00]} 27. Rf1 {[%clk 0:10:10]} Re4
{[%clk 0:10:49]} 28. Bf2 {[%clk 0:05:56]} Rae8 {[%clk 0:07:34]} 29. Rf3
{[%clk 0:06:15]} Qf7 {[%clk 0:06:30]} 30. Qxf7+ {[%clk 0:06:16]} Kxf7
{[%clk 0:06:51]} 31. Bg3 {[%clk 0:06:11]} Re2 {[%clk 0:05:24]} 32. R3f2
{[%clk 0:06:05]} Rxf2 {[%clk 0:03:47]} 33. Kxf2 {[%clk 0:05:45]} 1/2-1/2

[Event "WCO2014"]
[Site "Tromso"]
[Date "2014.08.05"]
[Round "4.4"]
[WhiteID "1801538"]
[White "Jameson David"]
[BlackID "3302067"]
[Black "Monroy G. Javier A."]
[Result "0-1"]
[LiveChessVersion "1.4.3"]
[BlackElo "2150"]
[WhiteElo "2125"]

1. d4 {[%clk 1:30:58]} Nf6 {[%clk 1:30:34]} 2. c4 {[%clk 1:31:20]} c5
{[%clk 1:30:27]} 3. d5 {[%clk 1:31:42]} b5 {[%clk 1:30:30]} 4. cxb5
{[%clk 1:32:01]} a6 {[%clk 1:30:53]} 5. b6 {[%clk 1:32:15]} Qxb6 {[%clk 1:30:54]}
6. Nc3 {[%clk 1:32:41]} d6 {[%clk 1:31:10]} 7. e4 {[%clk 1:32:37]} g6
{[%clk 1:31:27]} 8. Nf3 {[%clk 1:32:21]} Bg7 {[%clk 1:31:51]} 9. Nd2
{[%clk 1:32:19]} O-O {[%clk 1:31:51]} 10. Be2 {[%clk 1:32:40]} Re8
{[%clk 1:23:38]} 11. Nc4 {[%clk 1:32:43]} Qc7 {[%clk 1:21:51]} 12. Bf4
{[%clk 1:31:19]} Nbd7 {[%clk 1:21:36]} 13. O-O {[%clk 1:31:38]} Bb7
{[%clk 1:20:04]} 14. a4 {[%clk 1:30:43]} Nb6 {[%clk 1:20:18]} 15. Ne3
{[%clk 1:29:29]} Rad8 {[%clk 1:18:36]} 16. a5 {[%clk 1:29:09]} Nc8
{[%clk 1:18:52]} 17. Bc4 {[%clk 1:23:16]} e5 {[%clk 1:06:30]} 18. dxe6
{[%clk 1:16:54]} fxe6 {[%clk 1:06:34]} 19. Qb3 {[%clk 1:04:03]} Qf7
{[%clk 1:02:16]} 20. Bg5 {[%clk 0:53:16]} d5 {[%clk 0:55:41]} 21. exd5
{[%clk 0:53:29]} exd5 {[%clk 0:56:04]} 22. Nexd5 {[%clk 0:52:50]} Nxd5
{[%clk 0:52:53]} 23. Bxd8 {[%clk 0:51:49]} Rxd8 {[%clk 0:52:27]} 24. Rad1
{[%clk 0:46:53]} Bxc3 {[%clk 0:46:29]} 25. bxc3 {[%clk 0:46:43]} Kg7
{[%clk 0:46:17]} 26. Rd2 {[%clk 0:33:39]} Rd7 {[%clk 0:37:50]} 27. Rfd1
{[%clk 0:33:43]} Nce7 {[%clk 0:38:17]} 28. Be2 {[%clk 0:27:45]} Rc7
{[%clk 0:30:44]} 29. Qc4 {[%clk 0:14:06]} Qf6 {[%clk 0:24:39]} 30. Rc2
{[%clk 0:08:02]} Nf4 {[%clk 0:24:41]} 31. Bf1 {[%clk 0:07:55]} Nh3+
{[%clk 0:24:23]} 32. Kh1 {[%clk 0:07:37]} Nxf2+ {[%clk 0:24:26]} 33. Rxf2
{[%clk 0:07:45]} Qxf2 {[%clk 0:24:50]} 34. Qd3 {[%clk 0:07:21]} Nf5 0-1

[Event "WCO2014"]
[Site "Tromso"]
[Date "2014.08.05"]
[Round "4.48"]
[WhiteID "7400519"]
[White "Davy Damion"]
[BlackID "11100109"]
[Black "Warner Delisle"]
[Result "1-0"]
[LiveChessVersion "1.4.3"]
[BlackElo "2243"]
[WhiteElo "2164"]

1. e4 {[%clk 1:30:57]} e6 {[%clk 1:30:46]} 2. d4 {[%clk 1:30:30]} d5
{[%clk 1:31:10]} 3. Nc3 {[%clk 1:30:45]} Nf6 {[%clk 1:31:03]} 4. Bg5
{[%clk 1:30:50]} Be7 {[%clk 1:31:01]} 5. e5 {[%clk 1:30:13]} Nfd7
{[%clk 1:31:28]} 6. h4 {[%clk 1:30:27]} Bxg5 {[%clk 1:31:27]} 7. hxg5
{[%clk 1:30:50]} Qxg5 {[%clk 1:31:52]} 8. Nh3 {[%clk 1:29:37]} Qe7
{[%clk 1:32:15]} 9. Qg4 {[%clk 1:26:00]} g6 {[%clk 1:31:56]} 10. Ng5
{[%clk 1:23:38]} h5 {[%clk 1:32:04]} 11. Qf4 {[%clk 1:22:58]} Nb6
{[%clk 1:28:57]} 12. O-O-O {[%clk 1:17:33]} Nc6 {[%clk 1:29:00]} 13. g4
{[%clk 1:17:35]} Bd7 {[%clk 1:28:27]} 14. gxh5 {[%clk 1:11:29]} gxh5
{[%clk 1:28:40]} 15. Bb5 {[%clk 1:01:21]} O-O-O {[%clk 1:28:44]} 16. Bxc6
{[%clk 0:52:18]} Bxc6 {[%clk 1:26:08]} 17. Rd3 {[%clk 0:46:50]} Rdg8
{[%clk 1:21:22]} 18. Rg3 {[%clk 0:41:51]} Be8 {[%clk 1:20:14]} 19. Nf3
{[%clk 0:32:39]} Rg6 {[%clk 1:18:21]} 20. Rgh3 {[%clk 0:23:17]} Rgh6
{[%clk 1:18:41]} 21. Nh2 {[%clk 0:21:30]} Nd7 {[%clk 1:11:10]} 22. Ng4
{[%clk 0:19:34]} R6h7 {[%clk 1:11:28]} 23. Ne2 {[%clk 0:18:06]} Qb4
{[%clk 1:10:10]} 24. a3 {[%clk 0:14:02]} Qc4 {[%clk 1:07:09]} 25. Kd2
{[%clk 0:13:41]} Qa2 {[%clk 1:04:48]} 26. Nc1 {[%clk 0:03:40]} Qc4
{[%clk 1:04:15]} 27. Ne2 {[%clk 0:03:24]} Qb5 {[%clk 1:02:52]} 28. b3
{[%clk 0:03:02]} Qa5+ {[%clk 1:02:43]} 29. b4 {[%clk 0:03:31]} Qb5
{[%clk 1:03:04]} 30. Nc3 {[%clk 0:03:41]} Qa6 {[%clk 1:03:23]} 31. Nf6
{[%clk 0:03:18]} Nxf6 {[%clk 1:03:11]} 32. Qxf6 {[%clk 0:03:38]} Qxa3
{[%clk 0:59:20]} 33. Nxd5 {[%clk 0:02:35]} Qb2 {[%clk 0:58:50]} 34. Ne7+
{[%clk 0:01:41]} Kd7 {[%clk 0:57:44]} 35. d5 {[%clk 0:00:54]} Qxb4+
{[%clk 0:58:02]} 36. Rc3 {[%clk 0:01:19]} Rh6 {[%clk 0:57:22]} 37. Qg5
{[%clk 0:01:13]} f6 {[%clk 0:57:34]} 38. exf6 Qd4+ {[%clk 0:58:00]} 39. Rd3
{[%clk 0:01:45]} Qxf6 {[%clk 0:58:22]} 40. dxe6+ {[%clk 0:01:27]} Kxe7
{[%clk 0:57:58]} 41. Qc5+ {[%clk 0:27:27]} Kxe6 {[%clk 1:28:57]} 42. Qd5+
{[%clk 0:24:03]} Ke7 {[%clk 1:29:26]} 43. Re1+ {[%clk 0:24:14]} Kf8
{[%clk 1:29:31]} 44. Rf3 {[%clk 0:24:36]} Bf7 {[%clk 1:25:27]} 45. Rxf6
{[%clk 0:23:00]} Rxf6 {[%clk 1:25:55]} 46. Qd8+ {[%clk 0:20:21]} Kg7
{[%clk 1:25:57]} 47. Rg1+ {[%clk 0:20:44]} Rg6 {[%clk 1:25:14]} 48. Rxg6+
{[%clk 0:20:21]} Bxg6 {[%clk 1:25:08]} 49. Qxc7+ {[%clk 0:20:46]} Bf7
{[%clk 1:25:29]} 50. Qxb7 {[%clk 0:20:33]} h4 {[%clk 1:25:57]} 51. Qg2+
{[%clk 0:19:24]} Kf8 {[%clk 1:26:23]} 52. Qh3 {[%clk 0:19:36]} Rh6
{[%clk 1:26:35]} 53. f4 {[%clk 0:19:40]} Ke7 {[%clk 1:26:20]} 54. f5
{[%clk 0:19:16]} Kf8 {[%clk 1:23:15]} 55. Ke3 {[%clk 0:19:32]} Rc6
{[%clk 1:23:24]} 56. Qxh4 {[%clk 0:17:56]} Rxc2 {[%clk 1:23:09]} 57. f6
{[%clk 0:15:53]} Rc3+ {[%clk 1:23:04]} 58. Kd2 {[%clk 0:16:04]} Rc7
{[%clk 1:22:37]} 59. Kd3 {[%clk 0:11:18]} Bg6+ {[%clk 1:22:36]} 60. Kd4
{[%clk 0:10:54]} Kf7 {[%clk 1:20:13]} 61. Qh6 {[%clk 0:10:30]} Ke6
{[%clk 1:16:07]} 62. Qxg6 {[%clk 0:09:12]} Rf7 {[%clk 1:16:34]} 63. Ke4
{[%clk 0:08:14]} Rf8 {[%clk 1:15:51]} 64. Qf5+ {[%clk 0:07:00]} Kf7
{[%clk 1:15:43]} 65. Qg5 {[%clk 0:06:00]} Re8+ {[%clk 1:14:06]} 66. Kf5
{[%clk 0:06:15]} Rg8 {[%clk 1:13:10]} 67. Qh5+ {[%clk 0:06:10]} Kf8
{[%clk 1:13:35]} 68. Ke6 {[%clk 0:06:25]} 1-0

[Event "WCO2014"]
[Site "Tromso"]
[Date "2014.08.05"]
[Round "4.47"]
[WhiteID "11101644"]
[White "Husbands Orlando"]
[BlackID "7400330"]
[Black "Lorne Malaku"]
[Result "1-0"]
[LiveChessVersion "1.4.3"]
[BlackElo "2056"]
[WhiteElo "2118"]

1. e4 {[%clk 1:30:58]} c6 {[%clk 1:30:51]} 2. d4 {[%clk 1:31:17]} d5
{[%clk 1:31:07]} 3. exd5 {[%clk 1:31:23]} cxd5 {[%clk 1:31:21]} 4. Bd3
{[%clk 1:31:45]} Nc6 {[%clk 1:31:36]} 5. c3 {[%clk 1:32:03]} g6 {[%clk 1:29:14]}
6. Bf4 {[%clk 1:30:03]} f6 {[%clk 1:28:42]} 7. Nf3 {[%clk 1:29:38]} Nh6
{[%clk 1:28:46]} 8. O-O {[%clk 1:26:57]} Bg7 {[%clk 1:25:33]} 9. Re1
{[%clk 1:25:34]} O-O {[%clk 1:25:19]} 10. c4 {[%clk 1:17:53]} dxc4
{[%clk 1:17:14]} 11. Bxc4+ {[%clk 1:18:21]} Nf7 {[%clk 1:17:11]} 12. d5
{[%clk 1:14:21]} Na5 {[%clk 1:16:35]} 13. Bf1 {[%clk 1:12:57]} b6
{[%clk 1:14:50]} 14. Nc3 {[%clk 1:12:45]} Nd6 {[%clk 1:12:57]} 15. Rc1
{[%clk 1:11:01]} g5 {[%clk 1:09:59]} 16. Bxd6 {[%clk 1:09:56]} Qxd6
{[%clk 1:09:40]} 17. Nb5 {[%clk 1:08:47]} Qd8 {[%clk 1:09:51]} 18. b4
{[%clk 1:08:25]} Nb7 {[%clk 1:09:32]} 19. Nfd4 {[%clk 1:08:52]} Rf7
{[%clk 0:59:46]} 20. Nc7 {[%clk 1:03:07]} Rb8 {[%clk 0:57:59]} 21. Nce6
{[%clk 1:03:05]} Qd6 {[%clk 0:28:58]} 22. Nf5 {[%clk 1:02:50]} Qxb4
{[%clk 0:28:10]} 23. Rc4 {[%clk 1:01:03]} Qa3 {[%clk 0:18:15]} 24. Ra4
{[%clk 0:58:47]} Qb2 {[%clk 0:18:34]} 25. Nexg7 {[%clk 0:58:54]} 1-0

[Event "WCO2014"]
[Site "Tromso"]
[Date "2014.08.05"]
[Round "4.46"]
[WhiteID "7400055"]
[White "Mellace Andrew"]
[BlackID "11100028"]
[Black "Denny Kevin"]
[Result "1-0"]
[LiveChessVersion "1.4.3"]
[BlackElo "2261"]
[WhiteElo "2087"]

1. e4 {[%clk 1:30:49]} e5 {[%clk 1:30:14]} 2. Nf3 {[%clk 1:31:03]} Nc6
{[%clk 1:30:35]} 3. Bc4 {[%clk 1:31:00]} Nf6 {[%clk 1:30:45]} 4. Ng5
{[%clk 1:30:28]} d5 {[%clk 1:29:44]} 5. exd5 {[%clk 1:30:52]} Na5
{[%clk 1:29:30]} 6. Bb5+ {[%clk 1:31:14]} c6 {[%clk 1:29:11]} 7. dxc6
{[%clk 1:31:38]} bxc6 {[%clk 1:29:29]} 8. Qf3 {[%clk 1:30:12]} Be7
{[%clk 1:28:38]} 9. Bd3 {[%clk 1:27:30]} O-O {[%clk 1:11:34]} 10. Nc3
{[%clk 1:14:48]} h6 {[%clk 1:11:29]} 11. h4 {[%clk 1:08:11]} Rb8 {[%clk 1:04:32]}
12. b3 {[%clk 0:49:30]} Nd5 {[%clk 0:39:24]} 13. Bh7+ {[%clk 0:45:14]} Kh8
{[%clk 0:39:45]} 14. Bf5 {[%clk 0:45:27]} Bxg5 {[%clk 0:23:39]} 15. hxg5
{[%clk 0:40:33]} Qxg5 {[%clk 0:23:58]} 16. Bxc8 {[%clk 0:40:22]} Rfxc8
{[%clk 0:21:03]} 17. Nxd5 {[%clk 0:26:25]} cxd5 {[%clk 0:20:12]} 18. d3
{[%clk 0:15:08]} Qg6 {[%clk 0:18:21]} 19. Qxd5 {[%clk 0:11:31]} Rxc2
{[%clk 0:18:12]} 20. Qxe5 {[%clk 0:04:09]} Kh7 {[%clk 0:16:19]} 21. Qxb8
{[%clk 0:03:26]} Qxd3 {[%clk 0:12:29]} 22. Qe5 {[%clk 0:03:44]} Nc6
{[%clk 0:04:36]} 23. Qe3 {[%clk 0:03:46]} Nb4 {[%clk 0:04:18]} 24. Bd2
{[%clk 0:00:45]} Qb5 {[%clk 0:03:06]} 25. Qe4+ {[%clk 0:00:59]} f5
{[%clk 0:03:25]} 26. Qxb4 {[%clk 0:01:05]} Qe5+ {[%clk 0:03:41]} 27. Kd1
{[%clk 0:01:09]} Qxa1+ {[%clk 0:01:53]} 28. Kxc2 {[%clk 0:01:38]} Qxh1
{[%clk 0:02:12]} 29. Qb7 {[%clk 0:01:42]} Qf1 {[%clk 0:02:03]} 30. Qf3
{[%clk 0:01:09]} Qb5 {[%clk 0:02:19]} 31. Bc3 {[%clk 0:01:27]} Qd7
{[%clk 0:00:49]} 1-0

[Event "WCO2014"]
[Site "Tromso"]
[Date "2014.08.05"]
[Round "4.45"]
[WhiteID "11100400"]
[White "Del Castilho Martyn"]
[BlackID "7400500"]
[Black "Wilson Brandon"]
[Result "1/2-1/2"]
[LiveChessVersion "1.4.3"]
[BlackElo "2090"]
[WhiteElo "2221"]

1. e4 {[%clk 1:30:57]} c5 {[%clk 1:30:54]} 2. Nf3 {[%clk 1:31:21]} Nc6
{[%clk 1:31:18]} 3. d4 {[%clk 1:31:43]} cxd4 {[%clk 1:31:43]} 4. Nxd4
{[%clk 1:32:08]} g6 {[%clk 1:31:54]} 5. c4 {[%clk 1:32:22]} Bg7 {[%clk 1:32:16]}
6. Nc2 {[%clk 1:32:44]} Nf6 {[%clk 1:29:00]} 7. Nc3 {[%clk 1:33:07]} d6
{[%clk 1:29:13]} 8. Be2 {[%clk 1:33:25]} Nd7 {[%clk 1:27:32]} 9. Bd2
{[%clk 1:33:31]} Nc5 {[%clk 1:26:55]} 10. O-O {[%clk 1:33:08]} O-O
{[%clk 1:25:53]} 11. b4 {[%clk 1:32:36]} Ne6 {[%clk 1:20:44]} 12. Rc1
{[%clk 1:32:51]} Nf4 {[%clk 1:16:32]} 13. Nd5 {[%clk 1:15:21]} Nxe2+
{[%clk 1:13:57]} 14. Qxe2 {[%clk 1:15:47]} Be6 {[%clk 1:03:46]} 15. Bg5
{[%clk 1:02:53]} h6 {[%clk 1:01:26]} 16. Be3 {[%clk 1:02:15]} f5 {[%clk 0:51:24]}
17. b5 {[%clk 0:56:40]} Na5 {[%clk 0:36:57]} 18. Nd4 {[%clk 0:51:48]} Bd7
{[%clk 0:29:09]} 19. exf5 {[%clk 0:36:32]} gxf5 {[%clk 0:28:46]} 20. f4
{[%clk 0:33:06]} e6 {[%clk 0:21:02]} 21. Nb4 {[%clk 0:30:41]} Rc8
{[%clk 0:19:02]} 22. Rc2 {[%clk 0:19:25]} e5 {[%clk 0:13:04]} 23. Nf3
{[%clk 0:19:32]} Rxc4 {[%clk 0:12:21]} 24. Rxc4 {[%clk 0:16:46]} Bxb5
{[%clk 0:12:33]} 25. Nd2 {[%clk 0:14:25]} Nxc4 {[%clk 0:11:29]} 26. Nxc4
{[%clk 0:13:25]} d5 {[%clk 0:11:06]} 27. Rd1 {[%clk 0:12:45]} Bxc4
{[%clk 0:10:44]} 28. Qd2 {[%clk 0:13:13]} exf4 {[%clk 0:06:27]} 29. Bc5
{[%clk 0:10:37]} Rf7 {[%clk 0:02:10]} 30. Nxd5 {[%clk 0:11:01]} Qxd5
{[%clk 0:02:05]} 31. Qxd5 {[%clk 0:11:22]} Bxd5 {[%clk 0:02:19]} 32. Rxd5
{[%clk 0:11:49]} b6 {[%clk 0:02:17]} 33. Bd4 {[%clk 0:11:04]} Rc7
{[%clk 0:00:56]} 34. a4 {[%clk 0:10:04]} Rc1+ {[%clk 0:01:01]} 35. Kf2
{[%clk 0:10:28]} Rd1 {[%clk 0:00:54]} 36. Rd8+ {[%clk 0:10:57]} Kh7
{[%clk 0:00:38]} 37. Bxb6 {[%clk 0:11:13]} Rxd8 {[%clk 0:00:51]} 38. Bxd8
{[%clk 0:11:42]} Kg6 {[%clk 0:00:52]} 39. Bc7 {[%clk 0:11:14]} Bf6
{[%clk 0:00:37]} 40. Bxf4 {[%clk 0:10:41]} Bg5 {[%clk 0:00:48]} 41. Bb8
{[%clk 0:09:21]} a6 {[%clk 0:00:46]} 42. Ke2 {[%clk 0:08:46]} Kf6
{[%clk 0:30:15]} 43. Kd3 {[%clk 0:40:04]} Ke6 {[%clk 0:30:20]} 44. Kd4
{[%clk 0:36:52]} Be7 {[%clk 0:30:08]} 45. Ba7 {[%clk 0:31:14]} h5
{[%clk 0:29:12]} 46. Bb6 {[%clk 0:28:32]} Bd6 {[%clk 0:28:52]} 47. h3
{[%clk 0:28:48]} Be7 {[%clk 0:28:40]} 48. Bc7 {[%clk 0:26:59]} Bf8
{[%clk 0:27:55]} 49. Bf4 {[%clk 0:27:16]} Be7 {[%clk 0:27:45]} 50. Kc4
{[%clk 0:27:35]} Bf8 {[%clk 0:27:45]} 51. Kd4 {[%clk 0:27:22]} Be7
{[%clk 0:28:08]} 52. Bd2 {[%clk 0:27:50]} Bf8 {[%clk 0:24:35]} 53. Ba5
{[%clk 0:24:20]} Be7 {[%clk 0:24:24]} 54. Bb6 {[%clk 0:24:06]} Bd6
{[%clk 0:23:45]} 55. Bc5 {[%clk 0:22:24]} Bc7 {[%clk 0:21:19]} 56. Bf8
{[%clk 0:21:44]} Bb6+ {[%clk 0:21:10]} 57. Bc5 {[%clk 0:22:00]} Bc7
{[%clk 0:21:33]} 58. Bf8 {[%clk 0:20:42]} Bb6+ {[%clk 0:21:51]} 59. Bc5
{[%clk 0:21:07]} 1/2-1/2

[Event "WCO2014"]
[Site "Tromso"]
[Date "2014.08.05"]
[Round "4.21"]
[WhiteID "16400119"]
[White "Chipanga Chiletso"]
[BlackID "9901248"]
[Black "Kurukulasuriya Prasanna"]
[Result "1-0"]
[LiveChessVersion "1.4.3"]
[BlackElo "2063"]
[WhiteElo "2060"]

1. e4 c5 2. f4 d5 3. exd5 Nf6 4. Bb5+ Bd7 5. Bxd7+ Qxd7 6. c4 e6 7. Nf3 exd5 8.
O-O Bd6 9. Re1+ Kf8 10. Ne5 Qf5 11. d3 h5 12. Qb3 b6 13. Nc3 Nbd7 14. Nxd7+ Qxd7
15. cxd5 Rd8 16. Ne4 Qf5 17. Nxd6 Rxd6 18. Re5 Qd7 19. Bd2 Rxd5 20. Rae1 Rxd3 21.
Bc3 Rh6 22. Re7 Qd5 23. Rxa7 Kg8 24. Qxd5 Nxd5 25. Re8+ Kh7 26. Rxf7 Nxc3 27.
bxc3 Rf6 28. Rxf6 gxf6 29. Re6 Kg6 30. Rxb6 Rxc3 31. h3 Rc1+ 32. Kh2 Kf5 33. a4
c4 34. Kg3 Ra1 35. Rb4 c3 36. Rc4 Ra3 37. Kh4 c2 38. Kxh5 Rxa4 39. g4+ Ke6 40.
f5+ Kf7 41. Rc7+ Kf8 42. Kg6 Ra3 43. Kxf6 Ra6+ 44. Kg5 Ra2 45. Kg6 Ke8 46. f6 Kd8
47. Rc4 Ke8 48. f7+ Ke7 49. Kg7 Ra8 50. Rxc2 Rd8 51. Re2+ 1-0